[Event "FRA-chT1A 0809"]
[Site "France"]
[Date "2008.12.14"]
[Round "5"]
[White "Verot, Melanie"]
[Black "Vantet, Pascale"]
[Result "1-0"]
[WhiteElo "2140"]
[BlackElo "1754"]
[PlyCount "95"]
[EventDate "2008.10.19"]
[EventType "team-tourn"]
[EventRounds "11"]
[EventCountry "FRA"]
[SourceTitle "EXT 2010"]
[Source "ChessBase"]
[SourceDate "2010.11.25"]
[SourceVersion "1"]
[SourceVersionDate "2010.11.25"]
[SourceQuality "1"]
[WhiteTeam "Cannes II"]
[BlackTeam "Noisy le Grand"]
[WhiteTeamCountry "FRA"]
[BlackTeamCountry "FRA"]

1. d4 d5 2. c4 e6 3. Nc3 c6 4. e3 Nf6 5. Bd3 Nbd7 6. Nf3 Be7 7. 0-0 0-0 8. Qe2 dxc4 9. Bxc4 Nd5 10. e4 Nxc3 11. bxc3 Nf6 12. Bd3 h6 13. a3 c5 14. e5 Nd5 15. Bd2 cxd4 16. Nxd4 Bc5 17. Rfe1 Bxd4 18. cxd4 Bd7 19. Qg4 f5 20. exf6 Qxf6 21. f3 Nf4 22. Qxf4 Qxf4 23. Bxf4 Rxf4 24. Re4 Rf6 25. Rae1 Kf8 26. Bc4 Re8 27. Bb3 b5 28. Kf2 g5 29. Rc1 Rc8 30. Rxc8+ Bxc8 31. Re5 a6 32. Ke3 Ke7 33. Rc5 Kd7 34. a4 bxa4 35. Bxa4+ Kd8 36. Rc6 Rf5 37. Bb3 Ra5 38. Bxe6 Ra3+ 39. Kf2 Bb7 40. Rc4 a5 41. d5 Ba6 42. Rc6 Bb7 43. Rc5 Ba6 44. d6 Rd3 45. d7 Ke7 46. Bh3 a4 47. Re5+ Kf6 48. Re6+ 1-0

[Event "FRA-chT1A 0809"]
[Site "France"]
[Date "2008.10.19"]
[Round "1.8"]
[White "Verot, Melanie"]
[Black "Brih, Touatia"]
[Result "1/2-1/2"]
[WhiteElo "2140"]
[BlackElo "1951"]
[PlyCount "160"]
[EventDate "2008.10.19"]
[EventType "team-tourn"]
[EventRounds "11"]
[EventCountry "FRA"]
[SourceTitle "EXT 2010"]
[Source "ChessBase"]
[SourceDate "2010.11.25"]
[SourceVersion "1"]
[SourceVersionDate "2010.11.25"]
[SourceQuality "1"]
[WhiteTeam "Cannes II"]
[BlackTeam "Nice"]
[WhiteTeamCountry "FRA"]
[BlackTeamCountry "FRA"]

1. d4 d5 2. c4 c6 3. Nc3 Nf6 4. e3 e6 5. Nf3 Nbd7 6. Bd3 Bd6 7. 0-0 e5 8. cxd5 cxd5 9. e4 dxe4 10. Nxe4 Nxe4 11. Bxe4 exd4 12. Qxd4 Qf6 13. Rd1 Qxd4 14. Nxd4 Nf6 15. Bf3 0-0 16. h3 Be5 17. Be3 Rb8 18. Rac1 Bd7 19. b3 Rfd8 20. g4 Be8 21. Nf5 b6 22. g5 Rxd1+ 23. Rxd1 Nd7 24. Ne7+ Kf8 25. Nc6 Rc8 26. Nxa7 Rc2 27. Nc6 f6 28. gxf6 Bxf6 29. Nb4 Rb2 30. Bc6 Nc5 31. Bxe8 Kxe8 32. Bd4 Bxd4 33. Rxd4 Ke7 34. Nd5+ Ke6 35. Nxb6 Rxa2 36. b4 Na4 37. Nc4 Nc3 38. Rd6+ Ke7 39. Rd3 Ne2+ 40. Kh2 Nf4 41. Re3+ Kd7 42. Rf3 g5 43. b5 Rc2 44. Ne5+ Ke6 45. Nc6 Rb2 46. Re3+ Kd6 47. Kg3 Rxb5 48. Nd4 Re5 49. Ra3 Re1 50. Nf3 Ne2+ 51. Kg4 Rf1 52. Nxg5 h6 53. Rd3+ Kc6 54. Ne4 h5+ 55. Kf3 Re1 56. Nf6 h4 57. Kg4 Rf1 58. Ne4 Nc1 59. Rd6+ Kc7 60. Rd2 Nb3 61. Rc2+ Kd7 62. Kxh4 Ke6 63. Ng3 Rd1 64. f4 Nd4 65. Rc5 Rg1 66. Ra5 Nf3+ 67. Kg4 Nh2+ 68. Kh4 Nf3+ 69. Kg4 Nh2+ 70. Kh5 Rxg3 71. h4 Rg8 72. Rg5 Rh8+ 73. Kg6 Rxh4 74. f5+ Ke7 75. f6+ Kf8 76. Ra5 Rg4+ 77. Kf5 Rg1 78. Ra8+ Kf7 79. Ra7+ Kf8 80. Ra8+ Kf7 1/2-1/2

[Event "FRA-ch (Women) 83rd"]
[Site "Pau"]
[Date "2008.08.18"]
[Round "7"]
[White "Verot, Melanie"]
[Black "Delorme, Laurie"]
[Result "0-1"]
[WhiteElo "2125"]
[BlackElo "2155"]
[PlyCount "68"]
[EventDate "2008.08.11"]
[EventType "tourn"]
[EventRounds "11"]
[EventCountry "FRA"]
[EventCategory "1"]
[SourceTitle "CBM 125 Extra"]
[Source "ChessBase"]
[SourceDate "2008.09.01"]
[SourceVersion "1"]
[SourceVersionDate "2008.09.01"]
[SourceQuality "1"]

1. c4 e5 2. Nc3 Nf6 3. Nf3 Nc6 4. a3 d5 5. cxd5 Nxd5 6. d3 Be7 7. g3 0-0 8. Bg2 Nb6 9. b4 Be6 10. Bb2 Nd4 11. 0-0 Bb3 12. Qd2 Nc4 13. Qc1 Nxf3+ 14. Bxf3 Bg5 15. e3 Qxd3 16. Be2 Qf5 17. Nb5 Nxb2 18. Qxb2 Ba4 19. Nxc7 Rac8 20. Bb5 Bc2 21. Nd5 Be4 22. f4 exf4 23. Nc3 Bf6 24. Rxf4 Bxc3 25. Qe2 Bxa1 26. Rxf5 Bxf5 27. Qf1 Bg4 28. Qxa1 Rfd8 29. Qb2 Rd1+ 30. Kf2 Rcd8 31. h3 R1d2+ 32. Qxd2 Rxd2+ 33. Ke1 Rd5 34. Bc4 Rd1+ 0-1

[Event "FRA-ch (Women) 83rd"]
[Site "Pau"]
[Date "2008.08.12"]
[Round "2"]
[White "Benmesbah, Natacha"]
[Black "Verot, Melanie"]
[Result "0-1"]
[WhiteElo "2210"]
[BlackElo "2125"]
[PlyCount "86"]
[EventDate "2008.08.11"]
[EventType "tourn"]
[EventRounds "11"]
[EventCountry "FRA"]
[EventCategory "1"]
[SourceTitle "CBM 125 Extra"]
[Source "ChessBase"]
[SourceDate "2008.09.01"]
[SourceVersion "1"]
[SourceVersionDate "2008.09.01"]
[SourceQuality "1"]

1. e4 c5 2. Nf3 d6 3. d4 cxd4 4. Nxd4 Nf6 5. Nc3 a6 6. Be3 e6 7. g4 b5 8. f3 Bb7 9. Qd2 Be7 10. 0-0-0 0-0 11. h4 Nfd7 12. a3 Nb6 13. g5 N8d7 14. Qf2 Rc8 15. Rg1 Rxc3 16. bxc3 d5 17. g6 hxg6 18. h5 Bxa3+ 19. Kd2 Ne5 20. hxg6 dxe4 21. f4 Nf3+ 22. Ke2 Nd5 23. Bd2 Nxg1+ 24. Qxg1 Qh4 25. Qg5 Qxg5 26. fxg5 e5 27. gxf7+ Kxf7 28. Nb3 Rh8 29. Bg2 Rh2 30. Kf1 Rxg2 31. Kxg2 e3 32. Kg3 exd2 33. Rxd2 Kg6 34. Na5 Ba8 35. c4 Bb4 36. Rd3 Nc7 37. cxb5 Bxa5 38. b6 Nd5 39. c4 Nxb6 40. Rd6+ Kxg5 41. c5 Nc4 42. Rxa6 Bd5 43. Ra7 g6 0-1

[Event "FRA-ch (Women) 83rd"]
[Site "Pau"]
[Date "2008.08.11"]
[Round "1"]
[White "Verot, Melanie"]
[Black "Flear, Christine"]
[Result "1/2-1/2"]
[WhiteElo "2125"]
[BlackElo "2133"]
[PlyCount "105"]
[EventDate "2008.08.11"]
[EventType "tourn"]
[EventRounds "11"]
[EventCountry "FRA"]
[EventCategory "1"]
[SourceTitle "CBM 125 Extra"]
[Source "ChessBase"]
[SourceDate "2008.09.01"]
[SourceVersion "1"]
[SourceVersionDate "2008.09.01"]
[SourceQuality "1"]

1. d4 Nf6 2. c4 e6 3. Nf3 Bb4+ 4. Bd2 Bxd2+ 5. Qxd2 Ne4 6. Qc2 f5 7. e3 b6 8. Nc3 Bb7 9. Be2 0-0 10. 0-0 d6 11. Rfd1 Qe7 12. Rac1 Nd7 13. b4 g5 14. Nd2 Nxc3 15. Qxc3 g4 16. c5 Nf6 17. cxd6 cxd6 18. Qc7 Rf7 19. Qxe7 Rxe7 20. Nc4 Rd8 21. Nb2 Nd5 22. a3 h5 23. Bc4 Kg7 24. Kf1 h4 25. Ke2 Kf6 26. Nd3 e5 27. dxe5+ dxe5 28. f3 gxf3+ 29. gxf3 Rg7 30. Rg1 Rxg1 31. Rxg1 Nc3+ 32. Kd2 b5 33. Kxc3 bxc4 34. Nc5 Bxf3 35. Kxc4 Rd2 36. a4 Bd5+ 37. Kb5 Rxh2 38. Nd7+ Kf7 39. Nxe5+ Ke6 40. Ng6 Kf6 41. Nf4 Bf7 42. Ka6 Rb2 43. b5 Rb4 44. Kxa7 Rxa4+ 45. Kb7 Bc4 46. b6 Ba6+ 47. Kb8 Ke5 48. Ng6+ Kd6 49. Rb1 h3 50. Rh1 Kc6 51. Rxh3 Kxb6 52. Rh6 Kc5 53. Ne7 1/2-1/2

[Event "FRA-chT1B 0708"]
[Site "France"]
[Date "2008.04.05"]
[Round "10.6"]
[White "Verot, Melanie"]
[Black "Jablonski, Noham"]
[Result "1/2-1/2"]
[WhiteElo "2112"]
[BlackElo "2268"]
[PlyCount "95"]
[EventDate "2007.10.21"]
[EventType "team"]
[EventRounds "11"]
[EventCountry "FRA"]
[SourceTitle "EXT 2009"]
[Source "ChessBase"]
[SourceDate "2008.11.26"]
[SourceVersion "1"]
[SourceVersionDate "2008.11.26"]
[SourceQuality "1"]
[WhiteTeam "Cannes II"]
[BlackTeam "Vincennes"]
[WhiteTeamCountry "FRA"]
[BlackTeamCountry "FRA"]

1. d4 f5 2. c4 Nf6 3. Nc3 g6 4. Nf3 Bg7 5. g3 0-0 6. Bg2 d6 7. 0-0 Qe8 8. Nd5 Nxd5 9. cxd5 c6 10. Qb3 Kh8 11. Re1 cxd5 12. Qxd5 Nd7 13. Qb3 e5 14. e4 f4 15. gxf4 exd4 16. Qd5 Qe7 17. e5 dxe5 18. Nxd4 Nb6 19. Qb3 Qc5 20. Ne2 exf4 21. Bxf4 Bg4 22. Be3 Qc4 23. Qxc4 Nxc4 24. Bd4 Rae8 25. Bxg7+ Kxg7 26. Nd4 Nxb2 27. Bxb7 Nd3 28. Rxe8 Rxe8 29. f3 Bh3 30. Rd1 Nf4 31. Kf2 h5 32. Be4 Re5 33. Rg1 Kf6 34. Rc1 Rxe4 35. fxe4 Nd3+ 36. Kg3 Nxc1 37. Kxh3 Nxa2 38. e5+ Kxe5 39. Nc6+ Kf4 40. Nxa7 g5 41. Nb5 Nc1 42. Nd4 Nd3 43. Ne6+ Kf5 44. Ng7+ Kg6 45. Ne8 g4+ 46. Kh4 Ne5 47. h3 Nf3+ 48. Kg3 1/2-1/2

[Event "FRA-chT1B 0607"]
[Site "France"]
[Date "2007.01.21"]
[Round "6.8"]
[White "Verot, Melanie"]
[Black "Hisleur, Gaelle"]
[Result "1-0"]
[WhiteElo "2092"]
[BlackElo "1938"]
[PlyCount "77"]
[EventDate "2006.10.15"]
[EventType "team"]
[EventRounds "11"]
[EventCountry "FRA"]
[SourceTitle "EXT 2008"]
[Source "ChessBase"]
[SourceDate "2007.11.25"]
[SourceVersion "1"]
[SourceVersionDate "2007.11.25"]
[SourceQuality "1"]
[WhiteTeam "Cannes II"]
[BlackTeam "Besancon TPG"]
[WhiteTeamCountry "FRA"]
[BlackTeamCountry "FRA"]

1. d4 Nf6 2. c4 g6 3. Nc3 d5 4. e3 Bg7 5. Nf3 0-0 6. Be2 b6 7. 0-0 dxc4 8. Ne5 Bb7 9. Bxc4 e6 10. Qe2 Qe7 11. a4 Nbd7 12. Nd3 c5 13. b3 e5 14. dxc5 e4 15. Nf4 Nxc5 16. Bb2 Rfd8 17. Qc2 Rd7 18. Nb5 a6 19. Nd4 Rc8 20. Ba3 Qe5 21. Rad1 g5 22. Nfe2 Ng4 23. Ng3 h5 24. Qe2 Nxh2 25. Kxh2 h4 26. Qg4 hxg3+ 27. fxg3 Rcd8 28. Rf5 Qd6 29. Rdf1 Qh6+ 30. Kg1 Ne6 31. Nxe6 fxe6 32. Bxe6+ Kh7 33. Bxd7 Rxd7 34. Rxg5 Qc6 35. Qf5+ Kg8 36. Bb2 Qc7 37. Qf8+ Kh7 38. Rh5+ Kg6 39. Qf5# 1-0

[Event "FRA-chT1B 0607"]
[Site "France"]
[Date "2007.01.20"]
[Round "5.8"]
[White "Baujard, Anne"]
[Black "Verot, Melanie"]
[Result "0-1"]
[WhiteElo "1932"]
[BlackElo "2092"]
[PlyCount "34"]
[EventDate "2006.10.15"]
[EventType "team"]
[EventRounds "11"]
[EventCountry "FRA"]
[SourceTitle "EXT 2008"]
[Source "ChessBase"]
[SourceDate "2007.11.25"]
[SourceVersion "1"]
[SourceVersionDate "2007.11.25"]
[SourceQuality "1"]
[WhiteTeam "Epinal"]
[BlackTeam "Cannes II"]
[WhiteTeamCountry "FRA"]
[BlackTeamCountry "FRA"]

1. Nf3 d5 2. g3 g6 3. Bg2 Bg7 4. c4 Nf6 5. cxd5 Nxd5 6. d4 Nc6 7. e4 Nb6 8. d5 Nb8 9. 0-0 0-0 10. Qc2 c6 11. dxc6 Nxc6 12. Rd1 Bd7 13. Nc3 Qc8 14. Nb5 a6 15. Nbd4 Nxd4 16. Qxc8 Nxf3+ 17. Bxf3 Bxc8 0-1